000 01108naa a22003017a 4500
001 BR9205358
003 BR-BrBNA
005 20240918180751.0
007 ta
008 230509b bl.||||| |||| 00| 0 por d
040 _aBR-BrBNA
_bpor
_cBiblioteca Nacional de Agricultura
041 _a(Pt)
072 _aT01; P10
_b/G514
090 _aT01 BR9205358
100 1 _aPedersoli, W.J.
111 1 _a31. Congresso Brasileiro de Olericultura
_cBelo Horizonte, MG (Brazil)
_d15-20 Jul 1991
245 1 _aResiduos industriais e de mineracao - IQA e ITA indices de qualidade e de toxicidade de aguas
260 3 _aBelo Horizonte, MG (Brasil):
_c1991.
500 _a31. Congresso Brasileiro de Olericultura. Palestras Belo Horizonte, MG (Brasil): 1991. p. 104-117 (BR9205358-AM)T01
650 _aAGUA
650 _aRESIDUO INDUSTRIAL
650 _aMERCURIO
650 _aTOXIDEZ
650 _aMINAS GERAIS
773 0 _t31. Congresso Brasileiro de Olericultura. Palestras
_wT01 BR9205358
_gBelo Horizonte, MG (Brasil), 1991. p. 104-117
909 _a202404
_bLucia
_c55
_dLucia Elande
942 _cAM
_2AGRIS
999 _c321964
_d321964